Visión del hombre y de la vida en las últimas obras poéticas de César Vallejo

Saved in:
Bibliografiske detaljer
Hovedforfatter: Higgins, James (Author)
Format: Bog
Sprog:spansk
Udgivet: Ciudad de México Siglo XXI 1970
Fag:
Tags: Tilføj Tag
Ingen Tags, Vær først til at tagge denne postø!

MARC

LEADER 00000nam a2200000 a 4500
001 UCQ6883
003 CL-VaPUC
008 981023e19700000MX |||||||||||||||||spa|d
082 0 4 |a Pe861.09  |b HIG  |2 21 
100 0 |a Higgins, James  |e author  |9 420807 
245 1 0 |a Visión del hombre y de la vida en las últimas obras poéticas de César Vallejo 
300 |a 347 p 
942 |c BK 
945 |d 19981023 00:00:00  |a crobeson 
260 |a Ciudad de México  |b Siglo XXI  |c 1970 
600 0 |a Vallejo, César  |9 269109 
650 0 |a Poesía peruana   |9 265071 
650 0 |a Literatura peruana  |9 257452 
650 0 |a Crítica e interpretación   |9 255042 
583 |a last modification  |c 19981023 00:00:00  |k Rodrigo Vera 
999 |c 276781  |d 276779 
952 |0 0  |1 0  |4 0  |6 PE_861_090000000000000_HIG_1970  |7 0  |8 A  |9 314249  |a BIBEDU  |b BIBEDU  |d 2019-11-20  |i 1484907  |l 1  |o Pe861.09 HIG 1970  |p 1484907  |r 2022-10-24  |s 2022-10-20  |w 2019-11-20  |y BK  |k LIT